00853nam a2200229 u 450000100100000000500170001000800410002702000150006804000250008310000300010824500820013826000390022030000280025944000390028750400730032665000330039965000280043265000210046070000230048195201040050499900150060800000251720241010113234.0090702s2001 es a r 000 0 spa d a8485840909 aDO-SdBNPbspacBNPHU1 aTolchinsky, Liliana9791610aEscribir y leer a través del curriculum /cLiliana Tolchinsky, Rosa Simó. aBarcelona :bICE ; HORSORI,c2001. a175 p. :bil. ;c21 cm. 0aCuadernos de educaciónv3697917 aIncluye referencias bibliográficas y notas al pie de las páginas 4aEscrituraxEnseñanza97918 4aLectura elementar97919 0aPedagogía96931 aSimó, Rosa97920 001050718MOaPDbPDcCTd2009-07-02iLF1l0o p2517-10r2020-06-25w2020-06-25y1ZNo se presta c2353d2353